| 000 | 00214nam a22000737a 4500 | ||
|---|---|---|---|
| 999 |
_c23933 _d23933 |
||
| 003 | Nust | ||
| 005 | 20170515113704.0 | ||
| 008 | 140425b xxu||||| |||| 00| 0 eng d | ||
| 040 |
_aDLC _bDLC _cRCMS |
||
| 082 |
_22nd Ed _a621.382 SKL |
||
| 100 |
_aSklar,Bernard _9694 |
||
| 245 |
_aDigital communications _b Fundamentals and applications |
||
| 250 | _a2nd,ed. | ||
| 260 |
_aIndia _bPearson Education _cc2001 |
||
| 300 |
_axxiv ,1103,p: _bill: _c26,cm. |
||
| 538 | _iShelf # 15, Row # 1, Communication. Shelf # 15, Row # 2, Communication. | ||
| 650 |
_a Telecommunications & Sensors/ Networking _9695 |
||
| 856 | _3Table of Content Only | ||
| 942 |
_2ddc _cBK |
||